header

Bulozi under the Luyana kings (Record no. 182733)

MARC details
000 -LEADER
fixed length control field 01423nam a2200349 a 4500
082 04 - DEWEY DECIMAL CLASSIFICATION NUMBER
Classification number 968.9401
100 1# - MAIN ENTRY--AUTHOR NAME
Personal name Bull, Mutumba Mainga.
245 10 - TITLE STATEMENT
Title Bulozi under the Luyana kings
260 ## - PUBLICATION, DISTRIBUTION, ETC. (IMPRINT)
Place of publication [Lusaka] :
Name of publisher Bookworld Publishers,
Year of publication 2010.
300 ## - PHYSICAL DESCRIPTION
Number of Pages xvii, 264 p. :
Other physical details ill., maps, ports.
500 ## - GENERAL NOTE
General note Based on the author's thesis: London, 1969.
650 #0 - SUBJECT ADDED ENTRY--TOPICAL TERM
Topical Term Lozi (African people)
856 40 - ELECTRONIC LOCATION AND ACCESS
Uniform Resource Identifier http://site.ebrary.com/lib/rucke/Doc?id=10574644

No items available.

© 2026 Rongo University
Contact us: librarian | system librarian | Rongo university